Slow Motion in Movies Quiz Stats

Quiz Updated May 16, 2015

Challenge
Share
Tweet
Score 0/28 Timer 10:00
0 Plays Today
% Correct
300
94.9%
Spider-Man
87.7%
Ace Ventura: Pet Detective
84.7%
Thelma and Louise
79%
Reservoir Dogs
76.7%
The Shining
71.6%
Inception
69.9%
Blades of Glory
69.7%
Die Hard
69.1%
Platoon
66.8%
The Wolf of Wall Street
66%
Raging Bull
64%
Office Space
63.9%
Hot Fuzz
62.9%
% Correct
Apocalypse Now
60.9%
Sherlock Holmes
60.2%
The Hurt Locker
59.7%
Zombieland
50.5%
Old School
49.6%
Anchorman 2
48%
X-Men: Days of Future Past
47.3%
Zoolander
43.6%
Run Lola Run
40.2%
The Royal Tenenbaums
37.5%
2001: A Space Odyssey
33.7%
The Usual Suspects
31.5%
Watchmen
30.2%
Dredd
14.3%

You're not logged in!

Compare scores with friends on all Sporcle quizzes.
Join for Free
OR
Log In

You Might Also Like...

Show Comments

Extras

Top Quizzes Today


Score Distribution

Your Account Isn't Verified!

In order to create a playlist on Sporcle, you need to verify the email address you used during registration. Go to your Sporcle Settings to finish the process.

Report this User

Report this user for behavior that violates our Community Guidelines.

Details: